Sports Quiz

Random Sports or NBA Quiz

NBA 10 Assists per Game (Season) Quiz Stats

 Plays Quiz Updated Jun 15, 2019

Score 0/30 Timer 05:00
3 Plays Today
Seasons Player % Correct
10John Stockton
90.8%
9Magic Johnson
87.3%
4Kevin Johnson
85.6%
7Steve Nash
84.4%
4Russell Westbrook
81.1%
3Jason Kidd
79.6%
6Chris Paul
76.3%
5Rajon Rondo
63.7%
5Oscar Robertson
59.7%
4Deron Williams
58.1%
4Isiah Thomas
53.1%
2Mark Jackson
50%
1James Harden
49.1%
3John Wall
35.7%
1Tim Hardaway
33.4%
Seasons Player % Correct
1Andre Miller
31.6%
1Tiny Archibald
28.1%
2Muggsy Bogues
25.4%
1Terry Porter
18.5%
2Kevin Porter
18.5%
1Rod Strickland
17.5%
1Doc Rivers
11.3%
1Norm Nixon
8.1%
1Micheal Ray Richardson
7.5%
1John Lucas
6.4%
1Michael Adams
6.1%
3Guy Rodgers
5.1%
1Norm Van Lier
4%
1Gary Grant
3.4%
1Sleepy Floyd
2.8%

You're not logged in!

Compare scores with friends on all Sporcle quizzes.
OR
Log In

Sporcle TV

Today on Sporcle TV


Watch our educational content, quiz creation guides, and fun videos on Sporcle TV.

Show Comments

Extras

Top Quizzes Today


Score Distribution

Your Account Isn't Verified!

In order to create a playlist on Sporcle, you need to verify the email address you used during registration. Go to your Sporcle Settings to finish the process.

Report this User

Report this user for behavior that violates our Community Guidelines.

Details: